Physics and Mathematics of Strings: Memorial Volume for Vadim Knizhnik (Record no. 1549452)

MARC details
000 -LEADER
fixed length control field 00658nam a2200241Ia 4500
005 - DATE AND TIME OF LATEST TRANSACTION
control field 20260121113215.0
008 - FIXED-LENGTH DATA ELEMENTS--GENERAL INFORMATION
fixed length control field 12152 260114s9999 xx 000 0 eng d
020 ## - INTERNATIONAL STANDARD BOOK NUMBER
International Standard Book Number 9789814434461
037 ## - SOURCE OF ACQUISITION
Stock number EBOOK
040 ## - CATALOGING SOURCE
Original cataloging agency CRL
Language of cataloging eng
Transcribing agency CRL
041 ## - LANGUAGE CODE
Language code of text/sound track or separate title eng
Source of code eng
084 ## - COLON CLASSIFICATION NUMBER
Assigning agency CRL
100 ## - MAIN ENTRY--PERSONAL NAME
Personal name Brink L Et Al
9 (RLIN) 969926
245 #0 - TITLE STATEMENT
Title Physics and Mathematics of Strings: Memorial Volume for Vadim Knizhnik
260 ## - PUBLICATION, DISTRIBUTION, ETC.
Name of publisher, distributor, etc. World Scientific
260 ## - PUBLICATION, DISTRIBUTION, ETC.
Name of publisher, distributor, etc. WSPC
260 ## - PUBLICATION, DISTRIBUTION, ETC.
Date of publication, distribution, etc. 1990
650 ## - SUBJECT ADDED ENTRY--TOPICAL TERM
Topical term or geographic name entry element Physics
9 (RLIN) 969927
856 ## - ELECTRONIC LOCATION AND ACCESS
Uniform Resource Identifier <a href="https://www.worldscientific.com/worldscibooks/10.1142/0895#t=toc">https://www.worldscientific.com/worldscibooks/10.1142/0895#t=toc</a>
942 ## - ADDED ENTRY ELEMENTS (KOHA)
Koha item type eBooks
Holdings
Withdrawn status Lost status Damaged status Not for loan Home library Current library Date acquired Total Checkouts Barcode Date last seen Price effective from Koha item type
        Central Library Central Library 2026-01-21   CL1877989 2026-01-21 2026-01-21 eBooks
Copyright @ Delhi University Library System